000 00375nam a2200133Ia 4500
008 220217s9999||||xx |||||||||||||| ||und||
020 _a1403-91033-2
082 _a005.13 ITL
100 _aITL education Ltd.
245 0 _aProgramming and problem solving thourgh ''C'' language
260 _aMacmillan
_bDelhi
_c2003
300 _b185
650 _aPROGRAMMING LANGUAGE
999 _c173421
_d173421